[Event "Belt and Road Hunan op-C"]
[Site "Changsha"]
[Date "2019.08.02"]
[Round "9"]
[White "Cui, Wen"]
[Black "Feng, Eunice"]
[Result "1-0"]
[WhiteElo "1745"]
[BlackElo "1280"]
[PlyCount "85"]
[EventDate "2019.07.29"]
[EventType "swiss"]
[EventRounds "9"]
[EventCountry "CHN"]
[SourceTitle "EXT 2020"]
[Source "ChessBase"]
[SourceDate "2019.10.17"]
[SourceVersion "1"]
[SourceVersionDate "2019.10.17"]
[SourceQuality "1"]

1. e4 c5 2. Nf3 d6 3. d4 Nf6 4. Nc3 cxd4 5. Nxd4 a6 6. Be3 Ng4 7. Bc1 Nf6 8. Be3 Ng4 9. Bc1 Nf6 10. Be2 e5 11. Nf3 Be7 12. 0-0 0-0 13. a4 Qc7 14. Be3 b6 15. h3 Bb7 16. Nd2 Nbd7 17. Bc4 Nc5 18. Bxc5 dxc5 19. Qe2 Rfd8 20. Rad1 a5 21. Nf3 Bc6 22. Bb3 h6 23. Rfe1 Re8 24. Bd5 Bd6 25. Bxc6 Qxc6 26. Qb5 Qc7 27. Nd2 Bf8 28. Nc4 Rab8 29. Nd5 Nxd5 30. Rxd5 Red8 31. Nxe5 Rxd5 32. exd5 Rd8 33. c4 Bd6 34. Nc6 Rf8 35. Qb3 Bh2+ 36. Kh1 Bd6 37. Qe3 Qd7 38. Qe4 Kh8 39. Ne7 Qxa4 40. Nf5 Bb8 41. Qe7 Kg8 42. d6 Qc2 43. d7 1-0

[Event "Belt and Road Hunan op-C"]
[Site "Changsha"]
[Date "2019.07.31"]
[Round "5"]
[White "Cui, Wen"]
[Black "Huang, Yan Jie"]
[Result "1-0"]
[WhiteElo "1745"]
[BlackElo "1401"]
[PlyCount "79"]
[EventDate "2019.07.29"]
[EventType "swiss"]
[EventRounds "9"]
[EventCountry "CHN"]
[SourceTitle "EXT 2020"]
[Source "ChessBase"]
[SourceDate "2019.10.17"]
[SourceVersion "1"]
[SourceVersionDate "2019.10.17"]
[SourceQuality "1"]

1. e4 c6 2. d4 d5 3. exd5 cxd5 4. c4 Nf6 5. Nc3 Nc6 6. Nf3 Bg4 7. cxd5 Nxd5 8. Qb3 Nb6 9. Ne5 Be6 10. Nxc6 bxc6 11. Qd1 g6 12. Be2 Bg7 13. Be3 0-0 14. 0-0 Nc4 15. Na4 Nxe3 16. fxe3 Bh6 17. Qd3 Rb8 18. b3 Qd6 19. Bf3 Rfd8 20. Rfd1 Bf5 21. e4 Be6 22. e5 Qc7 23. Nc5 Bc8 24. Kh1 Bg7 25. Qe3 Rb6 26. Rac1 a5 27. Be4 h5 28. Qg5 Bg4 29. Rd3 Be2 30. Rg3 Rxd4 31. e6 Qd6 32. exf7+ Kf8 33. h3 h4 34. Qxg6 Rd1+ 35. Rxd1 Qxd1+ 36. Kh2 hxg3+ 37. Qxg3 Kxf7 38. Qg6+ Kg8 39. Ne6 Qd6+ 40. g3 1-0

[Event "CHN-chB (Women)"]
[Site "Hangzhou"]
[Date "2019.07.05"]
[Round "7"]
[White "Yin, Tingwen"]
[Black "Cui, Wen"]
[Result "1/2-1/2"]
[WhiteElo "1571"]
[BlackElo "1745"]
[PlyCount "102"]
[EventDate "2019.07.02"]
[EventType "swiss"]
[EventRounds "11"]
[EventCountry "CHN"]
[SourceTitle "CBM 191 Extra"]
[Source "ChessBase"]
[SourceDate "2019.09.30"]
[SourceVersion "1"]
[SourceVersionDate "2019.09.30"]
[SourceQuality "1"]

1. e4 e5 2. Nf3 Nc6 3. Bb5 a6 4. Ba4 Nf6 5. 0-0 Be7 6. d4 exd4 7. e5 Ne4 8. Nxd4 0-0 9. Nf5 d5 10. Nxe7+ Nxe7 11. c3 f6 12. exf6 Nxf6 13. Bg5 Qd6 14. h3 c6 15. Bc2 h6 16. Be3 Bf5 17. Nd2 Rae8 18. Nb3 Bxc2 19. Qxc2 Ne4 20. f3 Ng3 21. Rfe1 Qc7 22. Nc5 Nef5 23. Bf2 Qf7 24. Bxg3 Nxg3 25. Qf2 Nh5 26. Rxe8 Rxe8 27. Re1 Rf8 28. Qe3 Nf4 29. Nd3 Nxd3 30. Qxd3 Re8 31. Rxe8+ Qxe8 32. Kf2 Qe6 33. Kf1 Kf7 34. Kf2 Qf6 35. g3 Ke6 36. Qe3+ Qe5 37. h4 Qxe3+ 38. Kxe3 Ke5 39. Kd3 h5 40. Ke3 c5 41. b3 b5 42. a3 a5 43. b4 axb4 44. axb4 d4+ 45. cxd4+ cxd4+ 46. Ke2 Kd5 47. Kd3 Ke5 48. Ke2 Kd5 49. Kd3 Ke5 50. Ke2 Kd5 51. Kd3 Ke5 1/2-1/2

[Event "CHN-chB (Women)"]
[Site "Hangzhou"]
[Date "2019.07.03"]
[Round "3"]
[White "Ha, Yihan"]
[Black "Cui, Wen"]
[Result "1/2-1/2"]
[WhiteElo "1560"]
[BlackElo "1745"]
[PlyCount "107"]
[EventDate "2019.07.02"]
[EventType "swiss"]
[EventRounds "11"]
[EventCountry "CHN"]
[SourceTitle "CBM 191 Extra"]
[Source "ChessBase"]
[SourceDate "2019.09.30"]
[SourceVersion "1"]
[SourceVersionDate "2019.09.30"]
[SourceQuality "1"]

1. d4 d5 2. c4 e6 3. Nc3 Be7 4. Nf3 Nf6 5. Bf4 0-0 6. e3 b6 7. Be2 dxc4 8. Bxc4 Bb7 9. 0-0 a6 10. a4 Nbd7 11. Qe2 Nd5 12. Nxd5 exd5 13. Bd3 c5 14. Ne5 Nxe5 15. Bxe5 g6 16. b3 f6 17. Bf4 Kg7 18. Rfe1 Bd6 19. Bxd6 Qxd6 20. Rac1 Rfe8 21. Qb2 Rac8 22. h3 Re7 23. Qa3 Rec7 24. Re2 Qe6 25. Rec2 c4 26. Qb4 b5 27. bxc4 dxc4 28. axb5 Qd5 29. e4 Qxd4 30. Be2 axb5 31. Qxb5 c3 32. Bf3 Qe5 33. Qd3 Qa5 34. Bg4 Re8 35. Rxc3 Rce7 36. f3 Qa7+ 37. Kh2 Qb8+ 38. Kg1 h5 39. Bd7 Qa7+ 40. Kh1 Bxe4 41. fxe4 Qxd7 42. Qxd7 Rxd7 43. Re3 Rde7 44. Rce1 Re5 45. Kh2 f5 46. Kg3 g5 47. Kf3 Rf8 48. exf5 Rexf5+ 49. Kg3 R8f7 50. Re6 R5f6 51. R6e5 Kg6 52. Re6 Rxe6 53. Rxe6+ Kf5 54. Rb6 1/2-1/2